00985nam a22001577a 4500003000900000005001700009008004100026040001300067100005000080245007800130250000600208260002000214300002000234490006500254520050800319IT-RoPau20220918175936.0121207b xxu||||| |||| 00| 0 eng d cIT-RoPau aAlberione GiacomoqFondatore Famiglia Paolina aDon Alberione al Concilio Vaticano II.bProposte, interventi e "Appunti"  aI aRomabSSPc1994 a239 p.c21,2 cm aEdizioni Archivio Storico Generale della Famiglia PaolinavI aINDICE GENERALE Presentazione Premessa Introduzione Abbreviazioni e sigle Parte I . PROPOSTE Parte II. INTERVENTI I quattro periodi del Concilio e i documenti promulgati A. Osservazioni presentate per scritto da Don Alberione durante il Concilio: B. Osservazioni richieste e fatte collettivamente da più Padri, tra cui Don Alberione DOCUMENTI APPENDICI I. Appunti per il Concilio Vaticano II - Introduzione II. Come Don Alberione ha vissuto il Concilio - Nota bibliografica INDICI